PRG 20/21 současná architektura

Guardado en:
Detalles Bibliográficos
Autores principales: Fialová, Irena (Autor), Tichá, Jana (Autor)
Formato: Libro
Lenguaje:inglés
Publicado: Praha : Zlatý řez, 2007
Materias:
Etiquetas: Agregar Etiqueta
Sin Etiquetas, Sea el primero en etiquetar este registro!

MARC

LEADER 00000nam a22000003a 4500
001 stu202044
005 20150617230106.7
008 100407s2007------------------------eng-d
020 |a 80-87068-00-9 
040 |a STU  |b slo 
041 0 |a eng 
100 1 |a Fialová, Irena  |4 aut  |9 50 
245 1 |a PRG 20/21 současná architektura 
260 |a Praha :  |b Zlatý řez,  |c 2007 
300 |a 141 s 
650 7 |a architektúra česká  |2 stusub 
650 7 |a Praha  |2 stusub 
700 1 |a Tichá, Jana  |4 aut  |9 50 
996 |b 284AU04463  |c A*6970  |l AA3130  |s P  |a 0  |w stu202044_0001